| 000 | 00444nam a2200181Ia 4500 | ||
|---|---|---|---|
| 005 | 20250423095332.0 | ||
| 008 | 250422s9999 xx 000 0 und d | ||
| 020 | _a9780195424898 | ||
| 050 | _aHQ 734 .F36/ | ||
| 100 | _aEdited by Bonnie Fox | ||
| 245 | 0 | _aFamily Patterns: gender relations | |
| 250 | _a3rd ed. | ||
| 260 | _aNew York | ||
| 260 | _bOxford University Pree | ||
| 260 | _c2009 | ||
| 650 | _aFamily Sex role | ||
| 942 | _cBK | ||
| 999 |
_c29963 _d29963 |
||